000
00299nam a22001337a 4500
008
170829b xxu||||| |||| 00| 0 eng d
020
_a
0471399957
041
_a
eng
080
_a
070
100
_a
39
101
_a
MED
245
_a
READINGS IN ATTITUDE CHNAGE
_c
EAGLY.A.H
942
_2
udc
_c
BK
999
_c
25287
_d
25287